000 00484nam a2200181Ia 4500
005 20250508160424.0
008 008 250505s9999 xx 000 0 eng d
037 _aTextual
040 _aFEDL
_beng
_cFEDL
041 _aeng
_2eng
084 _a371.87, FRA
_qFEDL
100 _aFraser W R
_9291280
245 0 _aResidential education
260 _aOxford
_bPergamon Press
_c1968
300 _aviii,312p.
942 _cTEXL
_h371.87, FRA
999 _c1364513
_d1364513